Vista normal
Vista MARC
Entrada Nombre Personal
Número de registros utilizados en: 1
001 - Número de Control
- control field: 43220
003 - Identificador de Número de Control
- control field: EC-QuCCB
005 - Fecha y Hora de la última transacción
- Campo de Control: 20240422123605.0
008 - Elementos de Datos de Longitud Fija
- fixed length control field: 240422|| aca||aabn | a|a d
040 ## - Origen de la Catalagación
- Agencia catalogadora original: EC-QuCCB
- Idioma de la catalogación: spa
100 1# - Asiento Principal--Nombre Personal
- Nombre personal :: Martínez Jaramillo, Neptalí.
- Fecha asociadas con el Nombre : : 1910-
400 1# - Trazado Véase Desde -- Nombre Personal
- Nombre Personal: Jaramillo, Neptalí Martínez,
- Fechas asociadas con un nombre : : 1910-
400 1# - Trazado Véase Desde -- Nombre Personal
- Nombre Personal: Martínez, Neptalí,
- Fechas asociadas con un nombre : : 1910-
670 ## - Fuente de la Información Encontrada
- Fuente citada :: Neptalí Martínez : la permanencia del arte colonial, 1996:
- Informacion encontrada :: (Neptalí Martínez Jaramillo)
670 ## - Fuente de la Información Encontrada
- Fuente citada :: VIAF
- Informacion encontrada :: Martínez Jaramillo, Neptalí, 1910-
- Informacion encontrada :: Jaramillo, Neptalí Martínez, 1910-
- Informacion encontrada :: Martínez, Neptalí, 1910-
- Identificador Uniforme de Recursos :: https://viaf.org/viaf/76229836/#Marti%CC%81nez,_Neptali%CC%81,_1910-























